[Ta Sarapeia] à Sakha et au Fayum, ou, Les bains thérapeutiques /

Saved in:

Main Author: El-Khachab, Abd el-Mohsen (Author)

Format: Book

Language: French

Published: Le Caire : Service des antiquités de l'Egypte, 1978.

Series: Supplement aux Annales du Service des Antiquites de l'Egypte ; 25.
SASAE ; 25.

Subjects:

Tags: Add Tag

No Tags, Be the first to tag this record!

Call Number: DT57 .A21 v.25

LEADER 01228namaa2200361 4500
001 18993
003 OSt
005 20260330114016.0
008 130303s1978 ua af 000 0 fre d
010 |a 84961079 
020 |a 9770100048 
040 |c ARCE Library 
043 |a f-ua--- 
050 4 |a DT57 .A21 v.25 
100 1 |a El-Khachab, Abd el-Mohsen,  |e author 
245 1 3 |a [Ta Sarapeia] à Sakha et au Fayum, ou, Les bains thérapeutiques /   |c par Abd el-Mohsen el-Khachab. 
246 3 3 |a bains thérapeutiques. 
264 1 |a Le Caire :  |b Service des antiquités de l'Egypte,   |c 1978. 
300 |a 210 pages, [6] folded leaves of plates :   |b illustrations ;   |c 28 cm. 
490 1 |a Supplement aux Annales du Service des Antiquites de l'Egypte ;   |v 25. 
490 1 |a SASAE ;   |v 25. 
500 |a One folded leaf of plates inserted. 
650 0 |a Baths  |z Egypt. 
651 0 |a Sakhā (Egypt)  |x Antiquities.  |9 18394 
651 0 |a Fayyūm (Egypt)  |x Antiquities. 
651 0 |a Egypt  |x Antiquities. 
740 0 |a Sarapeia. 
740 0 |a A Sakha et au Fayum. 
830 0 |a Supplement aux Annales du Service des Antiquites de l'Egypte ;   |v 25. 
830 0 |a SASAE ;   |v 25. 
901 |a reviewed 
942 |c BK  |2 lcc 
999 |c 16023  |d 16023